[Event "18. Obert Int. Sant Marti 2016"]
[Site "Barcelona ESP"]
[Date "2016.07.15"]
[Round "3.35"]
[White "Qiu, Mengjie"]
[Black "Ojas, Kulkarni"]
[Result "1-0"]
[WhiteElo "2231"]
[BlackElo "2006"]
[PlyCount "67"]
[EventDate "2016.07.13"]
[EventType "swiss"]
[EventRounds "9"]
[EventCountry "ESP"]
[SourceTitle "Ajedrez en Madrid"]
[Source "lmi"]
[SourceDate "2016.07.13"]
[SourceVersion "1"]
[SourceVersionDate "2019.06.21"]
[SourceQuality "1"]

1. e4 e5 2. Nf3 Nc6 3. Bb5 a6 4. Ba4 Nf6 5. O-O Be7 6. Re1 b5 7. Bb3 d6 8. c3
O-O 9. h3 Nb8 10. d4 Nbd7 11. Nbd2 Bb7 12. a4 c5 13. d5 c4 14. Bc2 Re8 15. Nf1
Bf8 16. Be3 Nc5 17. Bxc5 dxc5 18. Ne3 g6 19. Qe2 Bd6 20. Ra2 Qd7 21. Rea1 Kg7
22. Qf1 h5 23. Qc1 Reb8 24. axb5 axb5 25. Rxa8 Rxa8 26. Rxa8 Bxa8 27. Nf5+ Kg8
28. Nxd6 Qxd6 29. Qg5 Nh7 30. Qxe5 Qa6 31. d6 Nf8 32. Qe7 Qa1+ 33. Kh2 Qxb2 34.
Ng5 1-0

[Event "18. Obert Int. Sant Marti 2016"]
[Site "Barcelona ESP"]
[Date "2016.07.15"]
[Round "3.36"]
[White "Dardha, Daniel"]
[Black "Larsson, Anders"]
[Result "1/2-1/2"]
[WhiteElo "2035"]
[BlackElo "2226"]
[PlyCount "69"]
[EventDate "2016.07.13"]
[EventType "swiss"]
[EventRounds "9"]
[EventCountry "ESP"]
[SourceTitle "Ajedrez en Madrid"]
[Source "lmi"]
[SourceDate "2016.07.13"]
[SourceVersion "1"]
[SourceVersionDate "2019.06.21"]
[SourceQuality "1"]

1. d4 e6 2. c4 Bb4+ 3. Nd2 d5 4. Qa4+ Nc6 5. Ngf3 Bd7 6. Qc2 Nf6 7. e3 O-O 8.
a3 Be7 9. Bd3 Re8 10. b4 Bf8 11. Bb2 dxc4 12. Nxc4 a5 13. bxa5 Nxa5 14. Nce5
Rc8 15. Nxd7 Qxd7 16. O-O c5 17. dxc5 Rxc5 18. Qe2 Rec8 19. Bd4 Rd5 20. Rad1
Nc6 21. Bb2 Rd8 22. Bc2 Qc7 23. Rxd5 Rxd5 24. e4 Rd8 25. e5 Ne8 26. Ng5 g6 27.
Qg4 Bg7 28. Qf4 h6 29. Nf3 Ne7 30. Rc1 Nd5 31. Qh4 Rc8 32. Bd3 Qd7 33. Rxc8
Qxc8 34. h3 Qd7 35. Qd4 1/2-1/2

[Event "18. Obert Int. Sant Marti 2016"]
[Site "Barcelona ESP"]
[Date "2016.07.15"]
[Round "3.37"]
[White "Marchador Villalba, Jordi"]
[Black "Martorell Aguado, Joan"]
[Result "0-1"]
[WhiteElo "2024"]
[BlackElo "2219"]
[PlyCount "88"]
[EventDate "2016.07.13"]
[EventType "swiss"]
[EventRounds "9"]
[EventCountry "ESP"]
[SourceTitle "Ajedrez en Madrid"]
[Source "lmi"]
[SourceDate "2016.07.13"]
[SourceVersion "1"]
[SourceVersionDate "2019.06.21"]
[SourceQuality "1"]

1. d4 g6 2. Bf4 Nf6 3. e3 Bg7 4. Nf3 O-O 5. h3 d6 6. Be2 c5 7. O-O Qb6 8. Nbd2
Nc6 9. Nc4 Qd8 10. a4 b6 11. c3 Bb7 12. Qb3 Ne4 13. Rfd1 d5 14. Ncd2 Na5 15.
Qa3 Nxd2 16. Nxd2 c4 17. b4 cxb3 18. Nxb3 Nc4 19. Qa2 Qd7 20. Bf3 Rfc8 21. a5
e6 22. a6 Bc6 23. Rdc1 Bf8 24. Nd2 Bb5 25. Nxc4 Bxc4 26. Qb1 f5 27. Kh1 Rc6 28.
Bd1 Qc8 29. Ba4 b5 30. Bb3 Rb6 31. Qa2 Bxb3 32. Qxb3 Qc6 33. Qa2 Rc8 34. Qa5
Qc4 35. g4 fxg4 36. hxg4 Qe2 37. Bg3 Qxg4 38. Rcb1 Qe4+ 39. Kg1 Qd3 40. Rb3 b4
41. Kh2 Rcc6 42. Rbb1 b3 43. Qa4 Qc4 44. Bf4 Rxa6 0-1

[Event "18. Obert Int. Sant Marti 2016"]
[Site "Barcelona ESP"]
[Date "2016.07.15"]
[Round "3.38"]
[White "Patil, Pratik"]
[Black "Castrillo Mansego, Pablo"]
[Result "1-0"]
[WhiteElo "2219"]
[BlackElo "2003"]
[PlyCount "81"]
[EventDate "2016.07.13"]
[EventType "swiss"]
[EventRounds "9"]
[EventCountry "ESP"]
[SourceTitle "Ajedrez en Madrid"]
[Source "lmi"]
[SourceDate "2016.07.13"]
[SourceVersion "1"]
[SourceVersionDate "2019.06.21"]
[SourceQuality "1"]

1. e4 g6 2. d4 Bg7 3. Nc3 d6 4. h3 Nf6 5. Nf3 O-O 6. Bd3 e5 7. Be3 exd4 8. Bxd4
Nc6 9. Bxf6 Bxf6 10. Qd2 a6 11. O-O b5 12. Rad1 Bb7 13. Nd5 Bg7 14. c4 Ne7 15.
b3 c6 16. Ne3 Qb6 17. Ng4 f6 18. Qf4 Rad8 19. Bb1 Qc5 20. cxb5 cxb5 21. Rc1 Qb6
22. Rfd1 h5 23. Ne3 Kh7 24. Nd4 Rc8 25. Ne6 Rfe8 26. Nxg7 Kxg7 27. Rxc8 Nxc8
28. Qg3 Bxe4 29. Bxe4 Rxe4 30. Nf5+ Kf7 31. Nxd6+ Nxd6 32. Rxd6 Qb7 33. Qd3
Re1+ 34. Kh2 Qc7 35. g3 Qc1 36. Rd7+ Re7 37. Qd5+ Kf8 38. Rd8+ Re8 39. Qd6+ Kf7
40. Rd7+ Kg8 41. Qxf6 1-0

[Event "18. Obert Int. Sant Marti 2016"]
[Site "Barcelona ESP"]
[Date "2016.07.15"]
[Round "3.39"]
[White "Rojas Fernandez, Andres"]
[Black "Brzezinski, Adam"]
[Result "0-1"]
[WhiteElo "2009"]
[BlackElo "2208"]
[PlyCount "66"]
[EventDate "2016.07.13"]
[EventType "swiss"]
[EventRounds "9"]
[EventCountry "ESP"]
[SourceTitle "Ajedrez en Madrid"]
[Source "lmi"]
[SourceDate "2016.07.13"]
[SourceVersion "1"]
[SourceVersionDate "2019.06.21"]
[SourceQuality "1"]

1. e4 e6 2. d4 d5 3. Nd2 Be7 4. e5 c5 5. c3 cxd4 6. cxd4 Qb6 7. Qg4 g5 8. Bd3
h5 9. Qe2 Nc6 10. Nb3 a5 11. Be3 a4 12. Nc5 Nxd4 13. Bxd4 Bxc5 14. Bxc5 Qxc5
15. Nf3 Qb4+ 16. Nd2 Bd7 17. O-O Ne7 18. b3 a3 19. Rac1 Bc6 20. Rc2 g4 21. Rfc1
h4 22. f3 Rg8 23. Rf1 g3 24. h3 Qf4 25. Bb5 Kf8 26. Bxc6 bxc6 27. Re1 Rg5 28.
Nb1 Ng6 29. Rxc6 Rxe5 30. Qd1 Qd4+ 31. Kh1 Nf4 32. Nc3 Nd3 33. Rxe5 Nf2+ 0-1

[Event "18. Obert Int. Sant Marti 2016"]
[Site "Barcelona ESP"]
[Date "2016.07.15"]
[Round "3.40"]
[White "Gaikwad, Siddhant"]
[Black "Carrasco Rodriguez, Jesus"]
[Result "1-0"]
[WhiteElo "2003"]
[BlackElo "2202"]
[PlyCount "103"]
[EventDate "2016.07.13"]
[EventType "swiss"]
[EventRounds "9"]
[EventCountry "ESP"]
[SourceTitle "Ajedrez en Madrid"]
[Source "lmi"]
[SourceDate "2016.07.13"]
[SourceVersion "1"]
[SourceVersionDate "2019.06.21"]
[SourceQuality "1"]

1. e4 Nf6 2. e5 Nd5 3. d4 d6 4. Nf3 dxe5 5. Nxe5 c6 6. Be2 Bf5 7. O-O Nd7 8.
Nf3 e6 9. c4 N5f6 10. Nh4 Bxb1 11. Rxb1 Bd6 12. Bf3 O-O 13. g3 Re8 14. b4 Qc7
15. b5 c5 16. d5 exd5 17. Nf5 Be5 18. cxd5 g6 19. d6 Qb8 20. Ne7+ Kg7 21. Nd5
Re6 22. Nxf6 Nxf6 23. Bg2 Rxd6 24. Qf3 Rd7 25. Be3 Bd4 26. b6 axb6 27. Bh3 Re7
28. Rxb6 Ra3 29. Bh6+ Kxh6 30. Qxa3 Qd8 31. Rbb1 Ne4 32. Qf3 Kg7 33. Rbd1 f5
34. Bg2 Qa5 35. Qd3 Qxa2 36. Bxe4 fxe4 37. Qb1 Qe2 38. Rde1 Qf3 39. Qd1 Qxd1
40. Rxd1 b5 41. Rb1 b4 42. Rfd1 Rb7 43. Rb3 Bc3 44. Rc1 Kf6 45. Kf1 Ke5 46. Ke2
Kd4 47. Rcxc3 Ra7 48. Rc2 Ra4 49. Rcb2 Kc4 50. Re3 Kd4 51. Rd2+ Ke5 52. f4+ 1-0

[Event "18. Obert Int. Sant Marti 2016"]
[Site "Barcelona ESP"]
[Date "2016.07.15"]
[Round "3.41"]
[White "Sanchez Jerez, Emilio Miguel"]
[Black "Perez Garcia, Adria"]
[Result "1-0"]
[WhiteElo "2201"]
[BlackElo "1984"]
[PlyCount "33"]
[EventDate "2016.07.13"]
[EventType "swiss"]
[EventRounds "9"]
[EventCountry "ESP"]
[SourceTitle "Ajedrez en Madrid"]
[Source "lmi"]
[SourceDate "2016.07.13"]
[SourceVersion "1"]
[SourceVersionDate "2019.06.21"]
[SourceQuality "1"]

1. g3 d5 2. Bg2 Nf6 3. d3 c6 4. Nd2 Bg4 5. h3 Bh5 6. g4 Bg6 7. f4 e6 8. e4 Bc5
9. Qe2 O-O 10. Nb3 Bxg1 11. Rxg1 dxe4 12. dxe4 Nxe4 13. Bxe4 Qb6 14. Kf1 f5 15.
Bd3 fxg4 16. Bxg6 hxg6 17. Qxe6+ 1-0

[Event "18. Obert Int. Sant Marti 2016"]
[Site "Barcelona ESP"]
[Date "2016.07.15"]
[Round "3.42"]
[White "Yogit, S."]
[Black "Afshar, Niusha"]
[Result "1-0"]
[WhiteElo "2197"]
[BlackElo "1971"]
[PlyCount "83"]
[EventDate "2016.07.13"]
[EventType "swiss"]
[EventRounds "9"]
[EventCountry "ESP"]
[SourceTitle "Ajedrez en Madrid"]
[Source "lmi"]
[SourceDate "2016.07.13"]
[SourceVersion "1"]
[SourceVersionDate "2019.06.21"]
[SourceQuality "1"]

1. e4 c5 2. Nf3 Nc6 3. d4 cxd4 4. Nxd4 Nf6 5. Nc3 e6 6. Ndb5 Bb4 7. a3 Bxc3+ 8.
Nxc3 d5 9. exd5 exd5 10. Bd3 O-O 11. O-O d4 12. Ne2 Bg4 13. f3 Bh5 14. Nf4 Bg6
15. Nxg6 hxg6 16. f4 Qd5 17. f5 Ne5 18. fxg6 fxg6 19. Bf4 Kh7 20. Bxe5 Qxe5 21.
Qf3 Rae8 22. Qh3+ Qh5 23. Qxh5+ Nxh5 24. Rxf8 Rxf8 25. Re1 Nf6 26. Re7 Rb8 27.
a4 a6 28. Kf2 Kh6 29. Ke2 g5 30. Kd2 g4 31. a5 b6 32. b4 Nd5 33. Re6+ g6 34.
Rxg6+ Kh5 35. Rd6 Nxb4 36. Rxb6 Rxb6 37. axb6 Nc6 38. Bxa6 Kg5 39. Bb5 Nd8 40.
Kd3 Ne6 41. Kc4 Nd8 42. Kxd4 1-0

[Event "18. Obert Int. Sant Marti 2016"]
[Site "Barcelona ESP"]
[Date "2016.07.15"]
[Round "3.43"]
[White "Noordhoek, Henk"]
[Black "Salagran Ferragut, Guillem"]
[Result "1-0"]
[WhiteElo "1976"]
[BlackElo "2196"]
[PlyCount "51"]
[EventDate "2016.07.13"]
[EventType "swiss"]
[EventRounds "9"]
[EventCountry "ESP"]
[SourceTitle "Ajedrez en Madrid"]
[Source "lmi"]
[SourceDate "2016.07.13"]
[SourceVersion "1"]
[SourceVersionDate "2019.06.21"]
[SourceQuality "1"]

1. Nf3 Nf6 2. g3 b5 3. Bg2 Bb7 4. O-O e6 5. d4 Be7 6. Bg5 O-O 7. Nbd2 d5 8. Nb3
h6 9. Bxf6 Bxf6 10. Qd3 Bc6 11. Ne5 Be8 12. e4 Na6 13. exd5 Nb4 14. Qe2 Nxd5
15. c4 bxc4 16. Qxc4 Qd6 17. Rfd1 Rb8 18. Rac1 Bb5 19. Qc5 Bxe5 20. dxe5 Qxe5
21. Nd4 c6 22. b3 Qh5 23. Bf3 Qg6 24. a4 Bd3 25. Nxc6 Rb7 26. Bxd5 1-0

[Event "18. Obert Int. Sant Marti 2016"]
[Site "Barcelona ESP"]
[Date "2016.07.15"]
[Round "3.44"]
[White "Garcia Ramos, Daniel"]
[Black "Kakumanu, Kautil"]
[Result "1-0"]
[WhiteElo "2195"]
[BlackElo "1956"]
[PlyCount "57"]
[EventDate "2016.07.13"]
[EventType "swiss"]
[EventRounds "9"]
[EventCountry "ESP"]
[SourceTitle "Ajedrez en Madrid"]
[Source "lmi"]
[SourceDate "2016.07.13"]
[SourceVersion "1"]
[SourceVersionDate "2019.06.21"]
[SourceQuality "1"]

1. e4 c5 2. Nc3 Nc6 3. Bb5 Nd4 4. Bd3 g6 5. Nf3 Bg7 6. O-O e5 7. Nxd4 cxd4 8.
Nb5 d6 9. a4 Ne7 10. b3 a6 11. Na3 O-O 12. Nc4 Be6 13. Ba3 d5 14. exd5 Bxd5 15.
Re1 Nc6 16. Bxf8 Qg5 17. Be4 Bxe4 18. Rxe4 Rxf8 19. f4 exf4 20. Qf3 b5 21. axb5
axb5 22. Nb2 Qc5 23. Nd3 Qb6 24. Rae1 Nd8 25. Re8 Qc7 26. Rxf8+ Bxf8 27. Qxf4
Qxc2 28. Qxd4 Ne6 29. Qc3 1-0

[Event "18. Obert Int. Sant Marti 2016"]
[Site "Barcelona ESP"]
[Date "2016.07.15"]
[Round "3.45"]
[White "Adeimi, Michel"]
[Black "Gautier, Anand"]
[Result "0-1"]
[WhiteElo "1963"]
[BlackElo "2186"]
[PlyCount "128"]
[EventDate "2016.07.13"]
[EventType "swiss"]
[EventRounds "9"]
[EventCountry "ESP"]
[SourceTitle "Ajedrez en Madrid"]
[Source "lmi"]
[SourceDate "2016.07.13"]
[SourceVersion "1"]
[SourceVersionDate "2019.06.21"]
[SourceQuality "1"]

1. e4 c5 2. Nf3 d6 3. c3 Nf6 4. Bc4 Nc6 5. d4 Nxe4 6. d5 Nb8 7. O-O Nf6 8. Re1
Nbd7 9. Qa4 a6 10. Bf4 Qc7 11. Na3 Rb8 12. Re2 b5 13. Bxb5 axb5 14. Nxb5 Rxb5
15. Qxb5 Nxd5 16. Bg3 e6 17. c4 Nb4 18. Qa4 Bb7 19. a3 Nc6 20. b4 Be7 21. b5
Nb6 22. Qc2 Na5 23. Nd2 O-O 24. Rd1 Ra8 25. h4 h6 26. Qd3 Bf8 27. Qc3 Qd7 28.
Ne4 Bxe4 29. Rxe4 d5 30. cxd5 exd5 31. a4 Qb7 32. Rg4 Nac4 33. a5 Rxa5 34. Be5
Ra3 35. Qe1 Nxe5 36. Qxe5 Qd7 37. f3 Qxb5 38. Qf6 Qe2 39. Rb1 Qe3+ 40. Kh2 Nd7
41. Qd8 Qe7 42. Qxe7 Bxe7 43. f4 Nf6 44. Rg3 Rxg3 45. Kxg3 Ne4+ 46. Kg4 g6 47.
Rb7 f5+ 48. Kf3 Bxh4 49. g4 Bf6 50. gxf5 gxf5 51. Rd7 Nc3 52. Ke3 c4 53. Kd2
Bg7 54. Rc7 Kh7 55. Rc6 Bf6 56. Kc2 Kg6 57. Kd2 h5 58. Ke3 d4+ 59. Kf3 d3 60.
Ke3 Nd5+ 61. Kd2 c3+ 62. Kd1 Nxf4 63. Rc4 Ne2 64. Rh4 c2+ 0-1

[Event "18. Obert Int. Sant Marti 2016"]
[Site "Barcelona ESP"]
[Date "2016.07.15"]
[Round "3.46"]
[White "Parnali, S Dharia"]
[Black "Mendonca, Leon Luke"]
[Result "0-1"]
[WhiteElo "2161"]
[BlackElo "1964"]
[PlyCount "86"]
[EventDate "2016.07.13"]
[EventType "swiss"]
[EventRounds "9"]
[EventCountry "ESP"]
[SourceTitle "Ajedrez en Madrid"]
[Source "lmi"]
[SourceDate "2016.07.13"]
[SourceVersion "1"]
[SourceVersionDate "2019.06.21"]
[SourceQuality "1"]

1. d4 g6 2. e4 Bg7 3. Nc3 d6 4. Be3 Nf6 5. Qd2 O-O 6. Bh6 c5 7. Bxg7 Kxg7 8. d5
Nbd7 9. f4 a6 10. Nf3 b5 11. e5 dxe5 12. fxe5 Ng4 13. Qf4 b4 14. Na4 Qc7 15.
Qxg4 Nb6 16. Qf4 Nxa4 17. h4 h5 18. Be2 Bf5 19. Nd2 Rad8 20. Bf3 Nb6 21. O-O-O
Nxd5 22. Bxd5 Rxd5 23. Nc4 Rxd1+ 24. Rxd1 Be6 25. Ne3 Rd8 26. Rf1 Qa5 27. Rd1
Rxd1+ 28. Nxd1 Qxa2 29. Qg5 Qa1+ 30. Kd2 Bg4 31. Ne3 Qxb2 32. Nxg4 Qd4+ 33. Kc1
Qa1+ 34. Kd2 Qd4+ 35. Kc1 Qxg4 36. Qxe7 Qc4 37. Qf6+ Kg8 38. Kb2 Qe6 39. Qd8+
Kg7 40. Qc7 c4 41. Qc5 c3+ 42. Kb1 Qg4 43. Ka2 Qd1 0-1

[Event "18. Obert Int. Sant Marti 2016"]
[Site "Barcelona ESP"]
[Date "2016.07.15"]
[Round "3.47"]
[White "Gavrish, Leonid"]
[Black "Molano Lafuente, Ismael"]
[Result "1/2-1/2"]
[WhiteElo "2158"]
[BlackElo "1940"]
[PlyCount "88"]
[EventDate "2016.07.13"]
[EventType "swiss"]
[EventRounds "9"]
[EventCountry "ESP"]
[SourceTitle "Ajedrez en Madrid"]
[Source "lmi"]
[SourceDate "2016.07.13"]
[SourceVersion "1"]
[SourceVersionDate "2019.06.21"]
[SourceQuality "1"]

1. d4 d5 2. c4 e6 3. Nc3 c6 4. e4 dxe4 5. Nxe4 Bb4+ 6. Bd2 Qxd4 7. Bxb4 Qxe4+
8. Ne2 Nd7 9. Qd6 Qe5 10. Qd2 Ngf6 11. O-O-O c5 12. Bc3 Ne4 13. Bxe5 Nxd2 14.
Bxg7 Rg8 15. Rxd2 Rxg7 16. Nc3 b6 17. Nb5 Ke7 18. Be2 Bb7 19. Rhd1 Nf6 20. g3
Bc6 21. Nc3 Rgg8 22. f3 Rad8 23. Rxd8 Rxd8 24. Rxd8 Kxd8 25. Kd2 e5 26. Ke3 Ke7
27. f4 Kd6 28. g4 h6 29. g5 exf4+ 30. Kxf4 hxg5+ 31. Kxg5 Ke7 32. h4 Ne4+ 33.
Nxe4 Bxe4 34. h5 f6+ 35. Kf4 Bb1 36. a3 Kf7 37. b4 Kg7 38. bxc5 bxc5 39. Bg4
Bd3 40. Be6 Kh6 41. Bf7 a5 42. Ke3 Bc2 43. Kf4 Bd3 44. Ke3 Bc2 1/2-1/2

[Event "18. Obert Int. Sant Marti 2016"]
[Site "Barcelona ESP"]
[Date "2016.07.15"]
[Round "3.48"]
[White "Capellades Subirana, Marc"]
[Black "Custodio Criado, Jofre"]
[Result "1/2-1/2"]
[WhiteElo "2153"]
[BlackElo "1639"]
[PlyCount "94"]
[EventDate "2016.07.13"]
[EventType "swiss"]
[EventRounds "9"]
[EventCountry "ESP"]
[SourceTitle "Ajedrez en Madrid"]
[Source "lmi"]
[SourceDate "2016.07.13"]
[SourceVersion "1"]
[SourceVersionDate "2019.06.21"]
[SourceQuality "1"]

1. e4 e5 2. Nf3 d6 3. c3 Nf6 4. d3 Be7 5. h3 h6 6. Be3 O-O 7. Nbd2 Re8 8. d4
Bf8 9. Bd3 Nbd7 10. O-O d5 11. dxe5 Nxe5 12. Nxe5 dxe4 13. Nxe4 Nxe4 14. Bxe4
Qxd1 15. Rfxd1 Rxe5 16. Bf3 Re8 17. b4 c6 18. a4 a6 19. Bb6 Be6 20. Rab1 Rac8
21. Bc5 Be7 22. Bxe7 Rxe7 23. Re1 Rd8 24. Re3 Kf8 25. b5 axb5 26. axb5 Bd5 27.
Rd3 Red7 28. Rbd1 Ke7 29. Re3+ Kf8 30. Be2 cxb5 31. Bxb5 Bc6 32. Rxd7 Rxd7 33.
Bd3 Re7 34. Rxe7 Kxe7 35. f4 Kd6 36. Kf2 Kc5 37. g3 b5 38. Ke3 f6 39. Bf5 Kc4
40. Kd2 Bd5 41. Bd7 Kc5 42. Kd3 g5 43. h4 Bg2 44. Be6 Bb7 45. Bd7 Bg2 46. Be6
Bb7 47. Bd7 Bg2 1/2-1/2

[Event "18. Obert Int. Sant Marti 2016"]
[Site "Barcelona ESP"]
[Date "2016.07.15"]
[Round "3.49"]
[White "Gil Quilez, Sonia"]
[Black "Ramirez Garcia, Jorge Alberto"]
[Result "1-0"]
[WhiteElo "2085"]
[BlackElo "2264"]
[PlyCount "105"]
[EventDate "2016.07.13"]
[EventType "swiss"]
[EventRounds "9"]
[EventCountry "ESP"]
[SourceTitle "Ajedrez en Madrid"]
[Source "lmi"]
[SourceDate "2016.07.13"]
[SourceVersion "1"]
[SourceVersionDate "2019.06.21"]
[SourceQuality "1"]

1. d4 e6 2. c4 Nf6 3. Nf3 Bb4+ 4. Bd2 Bxd2+ 5. Nbxd2 Nc6 6. g3 d6 7. Bg2 e5 8.
d5 Ne7 9. O-O h5 10. b4 Bf5 11. Nh4 Bg4 12. h3 Bd7 13. f4 exf4 14. Rxf4 Nh7 15.
Rf2 g5 16. Nhf3 Ng6 17. Ne4 Qe7 18. Qd4 g4 19. hxg4 hxg4 20. Nh4 Qe5 21. Qxe5+
Nxe5 22. c5 Ke7 23. Nf5+ Bxf5 24. Rxf5 Nf8 25. Raf1 Nfd7 26. c6 bxc6 27. dxc6
Nb6 28. Nf6 Ke6 29. R5f4 a5 30. b5 a4 31. Nxg4 Nxg4 32. Rxg4 Rh5 33. Rgf4 Rf8
34. Rf6+ Ke7 35. R6f5 Rxf5 36. Rxf5 Rg8 37. Kf2 Rg4 38. e4 Nc4 39. Bf3 Rg8 40.
Bd1 a3 41. Rf3 Ra8 42. Rc3 Ne5 43. Be2 Ra4 44. b6 Ra8 45. b7 Rh8 46. Kg2 f5 47.
exf5 d5 48. Bb5 Kd6 49. Rxa3 Ng4 50. Ra8 Rh2+ 51. Kg1 Rd2 52. b8=Q Ne5 53. Qf8#
1-0

[Event "18. Obert Int. Sant Marti 2016"]
[Site "Barcelona ESP"]
[Date "2016.07.15"]
[Round "3.50"]
[White "Chung, Mathilde"]
[Black "Ginesta Caballero, Olga Lucia"]
[Result "1/2-1/2"]
[WhiteElo "2169"]
[BlackElo "2088"]
[PlyCount "46"]
[EventDate "2016.07.13"]
[EventType "swiss"]
[EventRounds "9"]
[EventCountry "ESP"]
[SourceTitle "Ajedrez en Madrid"]
[Source "lmi"]
[SourceDate "2016.07.13"]
[SourceVersion "1"]
[SourceVersionDate "2019.06.21"]
[SourceQuality "1"]

1. d4 Nf6 2. c4 e6 3. Nf3 Bb4+ 4. Bd2 Qe7 5. g3 Nc6 6. Bg2 Bxd2+ 7. Nbxd2 O-O
8. O-O d6 9. e4 e5 10. d5 Nb8 11. Ne1 a5 12. Nd3 Bg4 13. Qe1 Na6 14. f4 exf4
15. gxf4 Nd7 16. Qg3 Be2 17. Rfe1 Bxd3 18. Qxd3 Nb4 19. Qc3 Nc5 20. Re3 Na4 21.
Qb3 Nc5 22. Qc3 Na4 23. Qb3 Nc5 1/2-1/2

[Event "18. Obert Int. Sant Marti 2016"]
[Site "Barcelona ESP"]
[Date "2016.07.15"]
[Round "3.51"]
[White "Rueda Marquez, David J."]
[Black "Villar Reymundo, Juan Antonio"]
[Result "1-0"]
[WhiteElo "2066"]
[BlackElo "2165"]
[PlyCount "107"]
[EventDate "2016.07.13"]
[EventType "swiss"]
[EventRounds "9"]
[EventCountry "ESP"]
[SourceTitle "Ajedrez en Madrid"]
[Source "lmi"]
[SourceDate "2016.07.13"]
[SourceVersion "1"]
[SourceVersionDate "2019.06.21"]
[SourceQuality "1"]

1. d4 Nf6 2. c4 g6 3. Nf3 Bg7 4. Nc3 d5 5. Bg5 Ne4 6. Bh4 Nxc3 7. bxc3 dxc4 8.
e3 b5 9. a4 c6 10. Be2 Nd7 11. O-O O-O 12. axb5 cxb5 13. Qb1 a6 14. Qe4 Ra7 15.
Bxe7 Nf6 16. Bxd8 Nxe4 17. Ba5 f5 18. Bd1 Bb7 19. Bc2 Nf6 20. Ne5 Re8 21. Rfe1
Bf8 22. Nf3 Nd7 23. Nd2 Bh6 24. Re2 Nf6 25. Rae1 Bc6 26. f3 Rae7 27. Kf2 Nd5
28. Nf1 Rb7 29. Nd2 Kh8 30. g3 Rbe7 31. Nf1 b4 32. Bxb4 Nxb4 33. cxb4 c3 34.
Bd3 Bb5 35. Bxb5 axb5 36. Rc1 Rc8 37. Rec2 Rec7 38. Ke2 Bf8 39. e4 Bxb4 40. Ne3
Ba3 41. Rb1 b4 42. Rb3 fxe4 43. fxe4 Rf7 44. Nd5 Rcf8 45. Nxb4 Bxb4 46. Rxb4
Rf2+ 47. Kd1 Rf1+ 48. Ke2 R8f2+ 49. Kd3 Rf3+ 50. Kc4 Re1 51. e5 h5 52. Rxc3 Rf2
53. Rb7 Rxh2 54. Kd5 1-0

[Event "18. Obert Int. Sant Marti 2016"]
[Site "Barcelona ESP"]
[Date "2016.07.15"]
[Round "3.52"]
[White "Martin Capitan, Feliciano"]
[Black "Dahale, Atul"]
[Result "1/2-1/2"]
[WhiteElo "2124"]
[BlackElo "2079"]
[PlyCount "50"]
[EventDate "2016.07.13"]
[EventType "swiss"]
[EventRounds "9"]
[EventCountry "ESP"]
[SourceTitle "Ajedrez en Madrid"]
[Source "lmi"]
[SourceDate "2016.07.13"]
[SourceVersion "1"]
[SourceVersionDate "2019.06.21"]
[SourceQuality "1"]

1. e4 c5 2. c4 g6 3. Nc3 Bg7 4. g3 b6 5. Bg2 Bb7 6. Nge2 Nc6 7. d3 e6 8. O-O
Nge7 9. Be3 O-O 10. Qd2 Ne5 11. Rad1 Ng4 12. Bf4 e5 13. Bg5 f6 14. h3 Nxf2 15.
Rxf2 fxg5 16. Rxf8+ Qxf8 17. Qxg5 Qf6 18. Qe3 Rf8 19. Rf1 Qe6 20. Rxf8+ Kxf8
21. h4 Ng8 22. Nd5 Bh6 23. Qf2+ Qf7 24. Nec3 Bxd5 25. Nxd5 Qxf2+ 1/2-1/2

[Event "18. Obert Int. Sant Marti 2016"]
[Site "Barcelona ESP"]
[Date "2016.07.15"]
[Round "3.53"]
[White "Fabregas Fontanet, Antonio"]
[Black "Sadhwani, Raunak"]
[Result "0-1"]
[WhiteElo "1969"]
[BlackElo "2122"]
[PlyCount "118"]
[EventDate "2016.07.13"]
[EventType "swiss"]
[EventRounds "9"]
[EventCountry "ESP"]
[SourceTitle "Ajedrez en Madrid"]
[Source "lmi"]
[SourceDate "2016.07.13"]
[SourceVersion "1"]
[SourceVersionDate "2019.06.21"]
[SourceQuality "1"]

1. e4 c5 2. Nf3 e6 3. d4 cxd4 4. Nxd4 a6 5. Bd3 Nf6 6. O-O Qc7 7. Nc3 d6 8. Kh1
g6 9. Bg5 Bg7 10. f4 O-O 11. f5 Qb6 12. Nf3 Qxb2 13. Na4 Qb4 14. c3 Qa5 15. Be3
Nbd7 16. fxe6 fxe6 17. Qb3 b5 18. Qxe6+ Kh8 19. Qxd6 bxa4 20. Bd4 Bb7 21. e5
Qd5 22. Qb4 a5 23. Qb2 a3 24. Qe2 Nh5 25. Bc4 Qe4 26. Qxe4 Bxe4 27. Ng5 Bf5 28.
g4 Bxg4 29. Nf7+ Rxf7 30. Rxf7 Nxe5 31. Rxg7 Kxg7 32. Bxe5+ Kh6 33. Bd5 Re8 34.
Re1 Be6 35. c4 a4 36. Kg1 Bxd5 37. cxd5 Nf6 38. d6 Kh5 39. Kf1 Nd7 40. Bd4
Rxe1+ 41. Kxe1 Kg4 42. Kf2 Kf5 43. Bc3 Ke6 44. Bb4 Ne5 45. Bxa3 Nc4 46. Bb4
Nxd6 47. Kf3 Kd5 48. Kf4 Nf7 49. a3 Ke6 50. h4 h6 51. Bf8 Kf6 52. Ke4 h5 53.
Kd5 Kf5 54. Kc5 Kg4 55. Be7 g5 56. hxg5 Nxg5 57. Kb4 h4 58. Bd6 h3 59. Kxa4 Ne4
0-1

[Event "18. Obert Int. Sant Marti 2016"]
[Site "Barcelona ESP"]
[Date "2016.07.15"]
[Round "3.54"]
[White "Tahay, Alexis"]
[Black "Mulay, Pratik"]
[Result "0-1"]
[WhiteElo "2119"]
[BlackElo "1983"]
[PlyCount "120"]
[EventDate "2016.07.13"]
[EventType "swiss"]
[EventRounds "9"]
[EventCountry "ESP"]
[SourceTitle "Ajedrez en Madrid"]
[Source "lmi"]
[SourceDate "2016.07.13"]
[SourceVersion "1"]
[SourceVersionDate "2019.06.21"]
[SourceQuality "1"]

1. e4 e6 2. d4 d5 3. Nd2 Nf6 4. e5 Nfd7 5. Bd3 c5 6. c3 Nc6 7. Ngf3 Be7 8. O-O
g5 9. Qe2 g4 10. Ne1 h5 11. Qe3 Qb6 12. Nc2 Nf8 13. dxc5 Qxc5 14. Qe2 Qb6 15.
Kh1 Ng6 16. f4 Bd7 17. Nb3 Nh4 18. Be3 Qc7 19. Ncd4 Nf5 20. Nb5 Qd8 21. Bxf5
exf5 22. Bc5 Be6 23. Bxe7 Qxe7 24. Nd6+ Kf8 25. Qd3 b6 26. Nxf5 Bxf5 27. Qxf5
Qe6 28. Qd3 Rd8 29. Nd4 Nxd4 30. Qxd4 f5 31. a4 Rh7 32. a5 b5 33. Qc5+ Kg8 34.
Qxb5 h4 35. Rad1 h3 36. g3 d4 37. Rxd4 Rhd7 38. Rfd1 Rxd4 39. cxd4 a6 40. Qc5
Qb3 41. Rd2 Qb7+ 42. Kg1 Rc8 43. Qxc8+ Qxc8 44. Kf2 Qc1 45. Ke3 Qe1+ 46. Re2
Qxa5 47. e6 Kf8 48. Kf2 Ke7 49. Kf1 Qd5 50. Kf2 Qxd4+ 51. Ke1 Qd5 52. Kf2 Qb7
53. Ke3 Kxe6 54. Kd4+ Kd6 55. Kd3 Kc5 56. Kc3 Qf3+ 57. Kd2 Kd4 58. Re5 Qd3+ 59.
Kc1 Qf1+ 60. Kd2 Qb1 0-1